Toutes les Techniques de Joseph King/Genda D'Inazuma Eleven - Statistiques

Statistiques générales
  • Ce quiz a été pris 40 fois
  • Le résultat moyen est 5 sur 6
Statistiques - réponses
Réponse Type de quiz Première Utilisation % Correct
Bouclier d’Énergie GK S1
97%
Morsure Sauvage GK S2
91%
Perceuse GK S3
88%
Muraille Infinie GK S3
84%
Bouclier d’Énergie Totale GK S1
78%
Morsure Bestiale GK ARES
47%
Aucun quiz correspondant
Distribution des résultats
% des personnes avec chaque résultat
Percentile par nombre de réponses
Votre historique - résultats
Vous n’avez pas pris ce quiz